[Event "ROM-ch U10 Boys"]
[Site "Voineasa"]
[Date "2008.04.15"]
[Round "6"]
[White "Sbera, Catalin"]
[Black "Sora, Mihai Alexandru"]
[Result "1-0"]
[WhiteElo "401"]
[BlackElo "401"]
[PlyCount "73"]
[EventDate "2008.04.08"]
[EventType "swiss"]
[EventRounds "9"]
[EventCountry "ROU"]
[SourceTitle "EXT 2013"]
[Source "ChessBase"]
[SourceDate "2012.11.22"]
[SourceVersion "1"]
[SourceVersionDate "2012.11.22"]
[SourceQuality "1"]

1. e4 c5 2. Bc4 Nc6 3. Nf3 e5 4. Nc3 Nf6 5. d3 Bd6 6. Ng5 0-0 7. Nf3 h6 8. 0-0 Be7 9. Nh4 d6 10. Nf5 Bxf5 11. exf5 d5 12. Bb3 d4 13. Ne2 Na5 14. g4 Nxb3 15. axb3 a6 16. g5 hxg5 17. Bxg5 Qd6 18. Kh1 Qd5+ 19. f3 b5 20. Ng3 c4 21. Ne4 cxb3 22. cxb3 Rfc8 23. Rg1 Kh7 24. Rg4 Nxg4 25. Bxe7 Ne3 26. Qe1 Re8 27. Ng5+ Kg8 28. Ba3 Nc2 29. Qh4 Nxa3 30. Qh7+ Kf8 31. Rxa3 Rac8 32. Kg2 Rc2+ 33. Kg3 b4 34. Rxa6 Ke7 35. Ra7+ Kd8 36. Nxf7+ Kc8 37. Qg6 1-0

[Event "ROM-ch U10 Boys"]
[Site "Voineasa"]
[Date "2008.04.13"]
[Round "2"]
[White "Sbera, Catalin"]
[Black "Chespi, Faysal Eldin"]
[Result "0-1"]
[WhiteElo "401"]
[BlackElo "401"]
[PlyCount "58"]
[EventDate "2008.04.08"]
[EventType "swiss"]
[EventRounds "9"]
[EventCountry "ROU"]
[SourceTitle "EXT 2013"]
[Source "ChessBase"]
[SourceDate "2012.11.22"]
[SourceVersion "1"]
[SourceVersionDate "2012.11.22"]
[SourceQuality "1"]

1. e4 e6 2. d4 d5 3. Nc3 Bb4 4. a3 Bxc3+ 5. bxc3 dxe4 6. Bb5+ Bd7 7. c4 Bxb5 8. cxb5 e5 9. d5 Nf6 10. h4 Nxd5 11. Bg5 f6 12. Bd2 0-0 13. Nh3 Nf4 14. Nxf4 exf4 15. Bxf4 Qxd1+ 16. Rxd1 c6 17. a4 cxb5 18. axb5 a6 19. c4 axb5 20. cxb5 Ra5 21. b6 Rb5 22. Bg3 f5 23. f4 Rb3 24. Bf2 e3 25. Bg1 Re8 26. Bh2 e2 27. Rd5 Rb1+ 28. Kf2 Rxh1 29. Bg3 Rf1# 0-1